000 00332nam a2200145Ia 4500
005 20251222144901.0
008 251222s9999||||xx |||||||||||||| ||spa||
020 _a9789877390155
082 _a823.914/R84
100 _aRosnay, Tatiana de
245 0 _aTinta Rusa
250 _a1ra.ed.
264 _bSuma de Letras
942 _cLIB
999 _c21986
_d21986